Myanmar City Quiz - Statistics

General Stats
  • This quiz has been taken 44 times
  • The average score is 4 of 8
Answer Stats
City % Correct
Yangon
97%
Naypyidaw
88%
Mandalay
82%
Bago
55%
Mawlamyine
36%
Taunggyi
36%
Monywa
24%
Myitkyina
18%
No matching quizzes found
Score Distribution
Percent of People with Each Score
Percentile by Number Answered
Your Score History
You have not taken this quiz